Movies Quiz

Random Movies or Role Quiz

'80s Comedy by Three Cast Members Quiz Stats

 Plays Quiz Updated Jun 1, 2019

Score 0/24 Timer 05:00
8 Plays Today
% Correct
When Harry Met Sally...
91.3%
Three Men and a Baby
89.1%
Coming to America
89.1%
Ghostbusters
89%
9 to 5
88.8%
¡Three Amigos!
87.2%
Look Who's Talking
86.7%
Tootsie
85.6%
Beetlejuice
84.4%
Arthur
83.8%
Spaceballs
83%
Fast Times at Ridgemont High
82.6%
% Correct
Planes, Trains and Automobiles
82.6%
Bull Durham
82%
Raising Arizona
81.4%
Caddyshack
80.9%
48 Hrs.
80%
Police Academy
79.5%
Pee-wee's Big Adventure
79%
Major League
77.8%
See No Evil, Hear No Evil
72.8%
The Great Outdoors
63%
Spies Like Us
62.2%
Stripes
60.8%

You're not logged in!

Compare scores with friends on all Sporcle quizzes.
OR
Log In

Sporcle TV

Today on Sporcle TV


Watch our educational content, quiz creation guides, and fun videos on Sporcle TV.

Show Comments

Extras

Top Quizzes Today


Score Distribution

Your Account Isn't Verified!

In order to create a playlist on Sporcle, you need to verify the email address you used during registration. Go to your Sporcle Settings to finish the process.

Report this User

Report this user for behavior that violates our Community Guidelines.

Details: